Podmíněný politicko-rozpočtový cyklus v zemích OECD

Pojem politicko-rozpočtový cyklus. Východiská teórie politicko-ekonomického a politicko-rozpočtového cyklu. Podmienený politicko-rozpočtový cyklus.

Gespeichert in:
Bibliographische Detailangaben
1. Verfasser: Janků, Jan
Format: Buchkapitel
Sprache:Tschechisch
Schlagworte:
Tags: Tag hinzufügen
Keine Tags, Fügen Sie das erste Tag hinzu!

MARC

LEADER 00000naa a2200000 4500
001 0214269
005 20221019174115.1
041 0 |a cze 
044 |a CZ 
245 1 0 |a Podmíněný politicko-rozpočtový cyklus v zemích OECD  |c Jan Janků 
520 |a Pojem politicko-rozpočtový cyklus. Východiská teórie politicko-ekonomického a politicko-rozpočtového cyklu. Podmienený politicko-rozpočtový cyklus. 
610 2 0 |a OECD 
610 2 0 |a politika fiškálna 
610 2 0 |a cykly hospodárske 
610 2 0 |a politika rozpočtová 
610 2 0 |a modely ekonometrické 
100 1 |a Janků, Jan